00300pam a2200121 a 4500020002400000041000500024082001000029100002300039245006100062250001100123260003600134300000800170 a978-81-7671-015-6c h a620.1 aHeither J eAuthor aAutomotive Mechanics 2ndcHeither J hTextual Documents  a2nd ED bEast- West Press Pvt. Ltdc2013 a608